| 000 | 00505nam a2200157 i 4500 | ||
|---|---|---|---|
| 001 | 64670 | ||
| 003 | ES-MaACL | ||
| 005 | 20230906165202.0 | ||
| 007 | t| | ||
| 008 | 040102s1969 sp ||||1| spa d | ||
| 245 | 0 | 0 |
_aFormación de religiosos / _cGerardo Escudero...[et al.] ; selección de textos pontificios sobre formación religiosa y sacerdotal. |
| 260 |
_aMadrid : _bCoculsa, _c[1969] |
||
| 300 |
_a248 p. ; _c20 cm. |
||
| 700 | 1 |
_aEscudero, Gerardo. _947683 |
|
| 852 |
_aES-MaACL _jC-48555 _bR.68979 |
||
| 999 |
_c64670 _d64670 |
||